[Event "GER-chT School WK Girls"]
[Site "Playchess.com INT"]
[Date "2020.06.10"]
[Round "2.4"]
[White "Bloch, Elisabeth"]
[Black "Hess, Michelle"]
[Result "0-1"]
[WhiteElo "1263"]
[BlackElo "1581"]
[PlyCount "120"]
[EventDate "2020.06.10"]
[EventType "team-swiss (blitz)"]
[EventRounds "7"]
[EventCountry "GER"]
[SourceTitle "EXT 2021"]
[Source "ChessBase"]
[SourceDate "2020.10.23"]
[SourceVersion "1"]
[SourceVersionDate "2020.10.23"]
[SourceQuality "1"]
[WhiteTeam "Niederalteich St Gotth"]
[BlackTeam "Bad Hersfeld Oberb"]
[WhiteTeamCountry "GER"]
[BlackTeamCountry "GER"]

1. e4 e5 2. Bc4 Nf6 3. Nf3 Nc6 4. Ng5 Qe7 5. Bxf7+ Kd8 6. 0-0 d6 7. a4 Bg4 8. f3 Bh5 9. g4 Bg6 10. Ra3 Bxf7 11. b4 Nd7 12. b5 Nd4 13. f4 exf4 14. Rxf4 Qxg5 15. Rf5 Qg6 16. Bb2 c5 17. c3 Ne6 18. b6 Nxb6 19. a5 Nc4 20. Rb3 Nxb2 21. Rxb2 Nc7 22. Rxb7 Be6 23. Rf4 Nd5 24. exd5 Bxd5 25. c4 Bxb7 26. h4 d5 27. cxd5 Bxd5 28. Nc3 Bc6 29. d4 cxd4 30. Rxd4+ Bd6 31. Rxd6+ Ke8 32. Qe2+ Kf8 33. Qf2+ Qf7 34. g5 Qxf2+ 35. Kxf2 Rc8 36. g6 Bb7 37. gxh7 Rxc3 38. Rd8+ Kf7 39. Rxh8 Rc2+ 40. Kg3 Kg6 41. h5+ Kh6 42. Kg4 Rc4+ 43. Kf5 Rc5+ 44. Ke6 Rxa5 45. Kf7 Rf5+ 46. Ke6 Rxh5 47. Kf7 a5 48. Kg8 a4 49. Kf7 a3 50. Re8 Kxh7 51. Re1 Ra5 52. Ra1 a2 53. Kf8 g5 54. Rg1 a1Q 55. Rg4 Qf6+ 56. Ke8 Ra8+ 57. Kd7 Qc6+ 58. Ke7 Ba6 59. Rxg5 Ra7+ 60. Kf8 Qc8# 0-1